| 000 | 01021cad a22001935a 4500 | ||
|---|---|---|---|
| 001 | E152368 | ||
| 008 | 110228s2011 xxk f 000 0 eng d | ||
| 035 | _a(Sirsi) u152368 | ||
| 041 | 0 | _aeng | |
| 110 | 2 |
_aEnglish Heritage _92714 |
|
| 245 | 0 | 0 |
_aPillars of the community _bthe transfer of local authority assets _h[electronic resource] |
| 260 |
_a[S.l.] _bEH _c2011 |
||
| 520 | _aOffers guidance on the transfer of heritage assets, such as historic buildings and ancient monuments, to community organisations. The guidance is intended for local authorities and community organisations, but is also relevant to transfers from central government and other public bodies. | ||
| 590 | _aKA | ||
| 651 | 4 |
_aEngland _y886- |
|
| 690 | _aBUILT ENVIRONMENT-BUILDING TYPES-ANCIENT MONUMENTS AND HISTORIC BUILDINGS | ||
| 856 | 4 | 0 |
_uhttps://www.english-heritage.org.uk/publications/pillars-of-the-community-the-transfer-of-local-authority-heritage-assets/ _zView the item free of charge at www.english-heritage.org.uk |
| 942 | _n0 | ||
| 999 |
_c112022 _d112022 |
||